| 000 | 004290000a22001330004500 | ||
|---|---|---|---|
| 090 |
_aAR _b04231 |
||
| 245 | 1 | 0 | _aNew species of Canthonella Chapin (Scarabaeidae: Scarabaeinae) from Amazonian Brazil |
| 041 | 0 | _aInglés | |
| 500 | _a<Literatura de escarabajos coprófagos> | ||
| 700 | 1 |
_aSmith, Andrew B. T. _983547 |
|
| 100 | 1 |
_aRatcliffe, Brett C. _98578 |
|
| 942 | _cARTICULO | ||
| 773 | 1 |
_tColeopterists Bulletin _h1 _q1-7 _d1999 _g53 |
|
| 999 |
_c13328 _d13328 |
||